[Event "FRA-chT2"]
[Site "France"]
[Date "2002.03.10"]
[Round "9"]
[White "Tchang Tien Ling, Christophe"]
[Black "Mancini, Mario"]
[Result "0-1"]
[WhiteElo "2098"]
[BlackElo "2332"]
[PlyCount "62"]
[EventDate "2002.??.??"]
[EventType "team"]
[EventRounds "11"]
[EventCountry "FRA"]
[SourceTitle "EXT 2003"]
[Source "ChessBase"]
[SourceDate "2002.11.25"]
[SourceVersion "1"]
[SourceVersionDate "2002.11.25"]
[SourceQuality "1"]
[WhiteTeam "Tourcoing"]
[BlackTeam "Lille"]
[WhiteTeamCountry "FRA"]
[BlackTeamCountry "FRA"]

1. e4 c5 2. Nf3 d6 3. d4 cxd4 4. Nxd4 Nf6 5. Nc3 a6 6. Bg5 Nc6 7. f3 e6 8. Qd2 Bd7 9. 0-0-0 Be7 10. Kb1 b5 11. Nxc6 Bxc6 12. Bxf6 gxf6 13. Bd3 h5 14. f4 b4 15. Ne2 Qb6 16. f5 e5 17. Ng3 h4 18. Nf1 d5 19. exd5 Bxd5 20. Ne3 Bb7 21. Bc4 Rd8 22. Qe2 Bc5 23. Nd5 Bxd5 24. Bxd5 Bd4 25. Bb3 Rc8 26. Rd3 Kf8 27. Qg4 Qc6 28. Re1 a5 29. Rh3 a4 30. Rxh4 Rxh4 31. Qxh4 axb3 0-1